2026 NFL Draft - Statistics

General Stats
  • This quiz has been taken 41 times
  • The average score is 24 of 32
Answer Stats
# Team Answer % Correct
1 Raiders Fernando Mendoza
100%
5 Giants Arvell Reese
97%
4 Titans Carnell Tate
97%
3 Cardinals Jeremiyah Love
97%
11 Cowboys Caleb Downs
94%
7 Commanders Sonny Styles
94%
2 Jets David Bailey
91%
20 Eagles Makai Lemon
91%
15 Buccaneers Rueben Bain Jr
91%
13 Rams Ty Simpson
91%
6 Chiefs Mansoor Delane
88%
9 Browns Spencer Fano
88%
8 Saints Jordyn Tyson
85%
12 Dolphins Kadyn Proctor
85%
10 Giants Francis Mauigoa
79%
24 Browns KC Concepcion
76%
16 Jets Kenyon Sadiq
74%
28 Patriots Caleb Lomu
71%
32 Seahawks Jadarian Price
68%
18 Vikings Caleb Banks
65%
14 Ravens Olaivavega Ioane
65%
17 Lions Blake Miller
62%
19 Panthers Monroe Freeling
62%
30 Jets Omar Cooper Jr
62%
25 Bears Dillon Thieneman
59%
21 Steelers Max Iheanachor
59%
29 Chiefs Peter Woods
59%
23 Cowboys Malachi Lawrence
50%
27 Dolphins Chris Johnson
47%
22 Chargers Akheem Mesidor
44%
31 Titans Keldric Faulk
38%
26 Texans Keylan Rutledge
32%
No matching quizzes found
Score Distribution
Percent of People with Each Score
Percentile by Number Answered
Your Score History
You have not taken this quiz